Manuel de traitement des archives d'architecture : XIXe-XXe siècles / Conseil international des archives. Section des archives d'architecture XIXe-XXe siècles / Conseil international des archives. Section des archives d'architecture
Descripción Física:
[142] p. : il. ; 27 cm
MARC
| LEADER | 00000nam a2200000Ia 4500 | ||
|---|---|---|---|
| 001 | 13585 | ||
| 008 | 160829s2000 xx 000 0 cat d | ||
| 080 | |a A-2-130 | ||
| 245 | |a Manuel de traitement des archives d'architecture : |b XIXe-XXe siècles / Conseil international des archives. Section des archives d'architecture | ||
| 260 | |a Paris : |b Conseil international des archives, |c 2000 | ||
| 300 | |a [142] p. : |b il. ; |c 27 cm | ||
| 590 | |a Fulls solts | ||
| 650 | |a Arquitectura |x Arxius |x Organització |x S. XIX/XX |9 32957 | ||
| 650 | |a Arxivística |9 36557 | ||
| 700 | |a Conseil International des Archives. Section des Archives d'Architecture |9 32958 | ||
| 901 | |a Arxiu | ||
| 942 | |n 1 | ||
| 952 | |0 0 |1 0 |4 0 |6 A2130 |7 1 |9 46158 |a Arxiu |b Arxiu |d 2016-12-01 |l 0 |o A-2-130 |p 13585 |r 2016-12-01 00:00:00 |w 2016-12-01 |y ARXIU | ||
| 999 | |c 49660 |d 49660 | ||